[Event "FRA-ch op-A"]
[Site "Reims"]
[Date "2004.04.22"]
[Round "6"]
[White "Bos, Joachim"]
[Black "Baudson, Julien"]
[Result "0-1"]
[WhiteElo "1620"]
[BlackElo "1820"]
[PlyCount "76"]
[EventDate "2004.04.??"]
[EventType "swiss"]
[EventRounds "9"]
[EventCountry "FRA"]
[SourceTitle "EXT 2005"]
[Source "ChessBase"]
[SourceDate "2004.11.15"]
[SourceVersion "1"]
[SourceVersionDate "2004.11.15"]
[SourceQuality "1"]

1. e4 c6 2. d4 d5 3. e5 Bf5 4. Nf3 e6 5. Bd3 Bxd3 6. Qxd3 Nd7 7. Be3 Ne7 8. Nbd2 Nf5 9. Nf1 Nxe3 10. Nxe3 Qb6 11. b3 c5 12. c3 Be7 13. 0-0 Rc8 14. Nd2 cxd4 15. cxd4 Ba3 16. Rab1 Bb4 17. Rfc1 0-0 18. Rc2 Rc6 19. Rbc1 Rfc8 20. Nf3 h6 21. h3 Qa5 22. Nd1 Nb8 23. Kh2 Qa6 24. Qxa6 Nxa6 25. Rxc6 Rxc6 26. Rxc6 bxc6 27. Kg3 Kf8 28. Kf4 Ke7 29. Ke3 c5 30. Kd3 Kd7 31. Nc3 cxd4 32. Nxd4 Nc5+ 33. Kc2 a6 34. Na4 Nxa4 35. bxa4 Bc5 36. Kc3 Kc7 37. f3 Bxd4+ 38. Kxd4 Kb6 0-1

[Event "Bastiais Master"]
[Site "Bastia"]
[Date "2003.??.??"]
[Round "?"]
[White "Gil, Ludovic"]
[Black "Bos, Joachim"]
[Result "0-1"]
[WhiteElo "1610"]
[BlackElo "1560"]
[PlyCount "118"]
[EventDate "2003.??.??"]
[EventType "swiss"]
[EventRounds "7"]
[EventCountry "FRA"]
[SourceTitle "EXT 2007"]
[Source "ChessBase"]
[SourceDate "2006.11.23"]
[SourceVersion "1"]
[SourceVersionDate "2006.11.23"]
[SourceQuality "1"]

1. d4 d5 2. c4 e5 3. dxe5 d4 4. Nf3 Nc6 5. a3 Bg4 6. Nbd2 Nge7 7. h3 Bxf3 8. Nxf3 h6 9. e4 dxe3 10. Qxd8+ Rxd8 11. Bxe3 Ng6 12. Be2 a6 13. 0-0 Ngxe5 14. Nxe5 Nxe5 15. Bf4 Nc6 16. Rfe1 Bd6 17. Bf3+ Ne7 18. Bxd6 Rxd6 19. c5 Rd2 20. Bxb7 Rxb2 21. Bxa6 Rc2 22. c6 Rd2 23. Re3 Kd8 24. Bb5 Nd5 25. Rd3 Rxd3 26. Bxd3 f6 27. Rb1 Ke7 28. Be4 Nc3 29. Re1 Nxe4 30. Rxe4+ Kd6 31. Rc4 Ra8 32. Rc3 Ra6 33. Kf1 Rxc6 34. Rd3+ Ke7 35. Ke2 Rc5 36. Re3+ Re5 37. Rxe5+ fxe5 38. Kd3 Kd6 39. Kc4 Kc6 40. a4 g5 41. g4 e4 42. a5 Kb7 43. Kc5 Ka6 44. Kc6 Kxa5 45. Kxc7 Kb5 46. Kd6 Kc4 47. Ke5 Kd3 48. Kf5 Kd4 49. Kg6 Ke5 50. Kxh6 Kf4 51. h4 gxh4 52. g5 h3 53. g6 h2 54. g7 h1Q+ 55. Kg6 Qg2+ 56. Kf7 Qxf2 57. g8Q Qa2+ 58. Kf8 Qxg8+ 59. Kxg8 e3 0-1